<?xml version="1.0" encoding="UTF-8"?>
<record
    xmlns:xsi="http://www.w3.org/2001/XMLSchema-instance"
    xsi:schemaLocation="http://www.loc.gov/MARC21/slim http://www.loc.gov/standards/marcxml/schema/MARC21slim.xsd"
    xmlns="http://www.loc.gov/MARC21/slim">

  <leader>03823cam a22003497i 4500</leader>
  <controlfield tag="001">20314431</controlfield>
  <controlfield tag="005">20260515121748.0</controlfield>
  <controlfield tag="008">180127t20172017nyua     b    001 0 eng d</controlfield>
  <datafield tag="010" ind1=" " ind2=" ">
    <subfield code="a">  2017297174</subfield>
  </datafield>
  <datafield tag="020" ind1=" " ind2=" ">
    <subfield code="a">9781509832217</subfield>
  </datafield>
  <datafield tag="035" ind1=" " ind2=" ">
    <subfield code="a">20314431</subfield>
  </datafield>
  <datafield tag="035" ind1=" " ind2=" ">
    <subfield code="a">(OCoLC)968771116</subfield>
  </datafield>
  <datafield tag="040" ind1=" " ind2=" ">
    <subfield code="a">BTCTA</subfield>
    <subfield code="b">eng</subfield>
    <subfield code="c">BTCTA</subfield>
    <subfield code="e">rda</subfield>
    <subfield code="d">BDX</subfield>
    <subfield code="d">SINLB</subfield>
    <subfield code="d">FM0</subfield>
    <subfield code="d">IK2</subfield>
    <subfield code="d">IGA</subfield>
    <subfield code="d">UAP</subfield>
    <subfield code="d">IUK</subfield>
    <subfield code="d">CZA</subfield>
    <subfield code="d">OCLCF</subfield>
    <subfield code="d">NDS</subfield>
    <subfield code="d">YDX</subfield>
    <subfield code="d">RB0</subfield>
    <subfield code="d">QGK</subfield>
    <subfield code="d">MUU</subfield>
    <subfield code="d">DLC</subfield>
  </datafield>
  <datafield tag="041" ind1=" " ind2=" ">
    <subfield code="a">English</subfield>
  </datafield>
  <datafield tag="042" ind1=" " ind2=" ">
    <subfield code="a">lccopycat</subfield>
  </datafield>
  <datafield tag="050" ind1="0" ind2="0">
    <subfield code="a">HF5415.153</subfield>
    <subfield code="b">.K52 2017</subfield>
  </datafield>
  <datafield tag="100" ind1=" " ind2=" ">
    <subfield code="a">Kim, W. Chan</subfield>
    <subfield code="e">author.</subfield>
    <subfield code="9">1645</subfield>
  </datafield>
  <datafield tag="245" ind1="1" ind2="0">
    <subfield code="a">Blue ocean shift </subfield>
    <subfield code="b">: beyond competing : proven steps to inspire confidence and seize new growth </subfield>
    <subfield code="c">/ W. Chan Kim, Ren&#xE9;e Mauborgne.</subfield>
  </datafield>
  <datafield tag="246" ind1="3" ind2="0">
    <subfield code="a">Proven steps to inspire confidence and seize new growth</subfield>
  </datafield>
  <datafield tag="250" ind1=" " ind2=" ">
    <subfield code="a">First edition.</subfield>
  </datafield>
  <datafield tag="264" ind1=" " ind2="1">
    <subfield code="a">New York :</subfield>
    <subfield code="b">Hachette Books,</subfield>
    <subfield code="c">[2017]</subfield>
  </datafield>
  <datafield tag="264" ind1=" " ind2="4">
    <subfield code="c">&#xA9;2017</subfield>
  </datafield>
  <datafield tag="300" ind1=" " ind2=" ">
    <subfield code="a">xi, 322 pages :</subfield>
    <subfield code="b">illustrations ;</subfield>
    <subfield code="c">24 cm</subfield>
  </datafield>
  <datafield tag="504" ind1=" " ind2=" ">
    <subfield code="a">Includes bibliographical references (pages 305-307) and index.</subfield>
  </datafield>
  <datafield tag="505" ind1="0" ind2=" ">
    <subfield code="a">Reach beyond the best &#x2014; The fundamentals of market-creating strategy &#x2014; The mind of a blue ocean strategist &#x2014; Humanness, confidence, and creative competence &#x2014; Step one: Getting started &#x2014; Choosing the right place to start &#x2014; Constructing the right blue ocean team &#x2014; Step two: Understand where you are now &#x2014; Getting clear about the current state of play &#x2014; Step three: Imagine where you could be &#x2014; Uncovering the hidden pain points that limit the size of your industry &#x2014; Discovering an ocean of noncustomers &#x2014; Step four: Find how you get there &#x2014; Reconstructing market boundaries, systematically &#x2014; Developing alternative blue ocean opportunities &#x2014; Step five: Make your move &#x2014; Selecting your blue ocean move and conducting rapid market tests &#x2014; Finalizing and launching your blue ocean move &#x2014; Epilogue: A national blue ocean shift in action.</subfield>
  </datafield>
  <datafield tag="520" ind1=" " ind2=" ">
    <subfield code="a">Blue Ocean Shift is the essential follow-up to the classic Blue Ocean Strategy, the 3.6 million copy global bestseller by world-renowned professors W. Chan Kim and Renee Mauborgne.

Drawing on more than a decade of new work, Kim and Mauborgne show you how to move beyond competing, how to inspire people&#x2019;s confidence and seize new growth, guiding you step by step through how to take your organization from a red ocean, crowded with competition, to a blue ocean of uncontested market space. By combining the insights of human psychology with practical market-creating tools and real-world guidance, Kim and Mauborgne deliver the definitive guide to shift yourself, your team, or your organization to new heights of confidence, market creation and growth. They show why non-disruptive creation is as important as disruption in seizing new growth.

Blue Ocean Shift is packed with all-new research and examples of how leaders in diverse industries and organizations made the shift and created new markets by applying the processes and tools outlined in the book. Whether you are a cash-strapped start-up or a large, established company, a non-profit or national government, you will learn how to move from red to blue oceans in a way that builds people&#x2019;s confidence so that they own and drive the process.

With battle-tested lessons learned from successes and failures in the field, Blue Ocean Shift is critical reading for leaders, managers and entrepreneurs alike. You&#x2019;ll learn what works, what doesn&#x2019;t, and how to avoid the pitfalls along the way. This book will empower you to succeed as you embark on your own blue ocean journey. Blue Ocean Shift is indispensable for anyone committed to building a compelling future.</subfield>
  </datafield>
  <datafield tag="630" ind1=" " ind2="0">
    <subfield code="a">MSc Brand Management &amp; Creativity</subfield>
    <subfield code="9">26051</subfield>
  </datafield>
  <datafield tag="650" ind1=" " ind2="0">
    <subfield code="a">New products</subfield>
    <subfield code="9">8236</subfield>
  </datafield>
  <datafield tag="650" ind1=" " ind2="0">
    <subfield code="a">Market segmentation</subfield>
    <subfield code="9">952</subfield>
  </datafield>
  <datafield tag="700" ind1=" " ind2=" ">
    <subfield code="a">Mauborgne, Ren&#xE9;e</subfield>
    <subfield code="e">author.</subfield>
    <subfield code="9">1644</subfield>
  </datafield>
  <datafield tag="942" ind1=" " ind2=" ">
    <subfield code="2">lcc</subfield>
  </datafield>
  <datafield tag="952" ind1=" " ind2=" ">
    <subfield code="0">0</subfield>
    <subfield code="1">0</subfield>
    <subfield code="2">lcc</subfield>
    <subfield code="4">0</subfield>
    <subfield code="7">0</subfield>
    <subfield code="8">CT</subfield>
    <subfield code="a">TBS</subfield>
    <subfield code="b">TBS</subfield>
    <subfield code="d">2025-09-18</subfield>
    <subfield code="l">0</subfield>
    <subfield code="o">HF5415.153 KIM</subfield>
    <subfield code="p">B07662</subfield>
    <subfield code="r">2025-09-18</subfield>
    <subfield code="t">1</subfield>
    <subfield code="w">2025-09-18</subfield>
    <subfield code="y">1</subfield>
  </datafield>
  <datafield tag="999" ind1=" " ind2=" ">
    <subfield code="c">4969</subfield>
    <subfield code="d">4969</subfield>
  </datafield>
</record>
